Länder so groß wie deutsche Städte - Statistiken

Allgemein
  • Dieses Quiz wurde 58 mal gespielt
  • Das Durchschnittsergebnis liegt bei 8 aus 10
Antwortstatistiken
Bildquiz Hint Antwort % Korrekt
Berlin Georgien
94%
Bremen Malta
92%
Frankfurt am Main Bhutan
90%
Hamburg Lettland
90%
Düsseldorf Montenegro
85%
München Trinidad und Tobago
75%
Nürnberg Kap Verde
69%
Köln Dschibuti
58%
Wuppertal Vanuatu
50%
Magdeburg Sao Tomé und Príncipe
46%
Keine übereinstimmenden Quizze gefunden
Verteilung der Resultate
Anzahl Personen mit jedem Resultat
Perzentil nach korrekt beantworteten Fragen
Ihre Resultats-Entwicklung
Sie haben dieses Quiz noch nicht gespielt